00691nam a2200229Ia 4500003000900000008004100009040001300050040001300063041000800076100001900084245006100103250001000164260001200174260000900186300001100195300001000206490001800216490000700234942000700241999001700248952019600265IT-RoPAU120407s9999 xx 000 0 und d aIT-RoPAU cIT-RoPAU aita aPierre Bonnard aLa sagesse en personne annoncée et venue: Jesus Christ aParis aDu Cerf c1966 a164 p. c22 cm aLectio divina v44 cBK c26729d26729 00102ddc406222_34400000000000071aPAULUSbPAULUSd2012-04-11l0o222.344r2012-04-11 00:00:00w2012-04-11yBKzInserito da: Jole In data: 11 luglio 2011 fondo: Via A.Severo 56 Progr:21502